DESIGN FOR MODERN MERCHANDISING STORES SHOPPING CENTERS SHOWROOMS (Record no. 568321)

000 -LEADER
fixed length control field 00252nam a22000977a 4500
082 ## - DEWEY DECIMAL CLASSIFICATION NUMBER
Classification number 721.042 DES'I
245 ## - TITLE STATEMENT
Title DESIGN FOR MODERN MERCHANDISING STORES SHOPPING CENTERS SHOWROOMS
260 ## - PUBLICATION, DISTRIBUTION, ETC.
Place of publication, distribution, etc. NEWYORK
Name of publisher, distributor, etc. F. W. DODGE
Date of publication, distribution, etc. 1954
300 ## - PHYSICAL DESCRIPTION
Extent 247P
942 ## - ADDED ENTRY ELEMENTS (KOHA)
Koha item type Book
Holdings
Withdrawn status Lost status Damaged status Not for loan Permanent Location Current Location Shelving location Date acquired Total Checkouts Full call number Barcode Date last seen Price effective from Koha item type
        College of Electrical & Mechanical Engineering (CEME) College of Electrical & Mechanical Engineering (CEME) General Stacks 07/14/2017   721.042 DES'I CEME-3374 06/28/2021 06/28/2021 Book
© 2023 Central Library, National University of Sciences and Technology. All Rights Reserved.